| 000 | 00795nam a22002537a 4500 | ||
|---|---|---|---|
| 003 | OSt | ||
| 005 | 20260306015143.0 | ||
| 008 | 260306b |||||||| |||| 00| 0 eng d | ||
| 020 | _a0-8304-1213-1 | ||
| 040 |
_aDWCL Main Lib _cOC |
||
| 082 | _22nd ed. | ||
| 100 | _aZastrow, Charles | ||
| 245 |
_aUnderstanding human behavior and the social environment _cCharles Zastrow |
||
| 250 | _a2nd ed. | ||
| 260 |
_aChicago : _bNelson-Hall Publishers, _cc1990. |
||
| 300 |
_axv, 669 p. : _bill. ; _c26 cm. |
||
| 504 | _aIncludes bibliographical references and index. | ||
| 650 | _aBehavioral assessment. | ||
| 650 | _aDevelopmental psychology. | ||
| 650 | _aLife change events. | ||
| 650 | _aSocial psychology. | ||
| 650 | _aSocial work education. | ||
| 942 |
_2ddc _cBK-CIRC _e2nd ed. _kCirc. _n0 |
||
| 999 |
_c8652 _d8652 |
||